00631nam a2200229Ia 450000500170000000800460001702000180006303700100008104000080009104000080009904000080010704100080011504100080012308400080013110000200013924501290015926000220028826000220031026000090033265000120034185600480035320260121124824.0008 260114s9999 xx 000 0 eng d a9789814379748 aEBOOK aCRL beng cCRL 2eng aeng qCRL aAcharya, Amitav 0aCivilizations in Embrace: The Spread of Ideas and the Transformation of Power; India and Southeast Asia in the Classical Age bWalter de Gruyter bWalter de Gruyter c2012 aHistory uhttp://www.degruyter.com/isbn/9789814379748